000 01342nam a2200349 a 4500
001 000110952
003 CHAP
005 20220329144152.0
008 141029s2014 mx a fsm |||||||spa d
010 _a107414
011 _a108386
040 _cCHAP
090 _aTesis
100 1 _aAcevedo Domínguez, Esmeralda
_9128721
245 1 0 _aComportamiento de variedades comerciales de trigo (Triticum aestivum L.) a mancha de la hoka y gluma (Septoria nodorum Berk)
_h[En línea]
_cpor Esmeralda Acevedo Domínguez.
260 _aChapingo, Méx. :
_bEl autor,
_c2014.
500 _aPara ver el contenido del material haga clic en la liga
502 _aTesis (Ing. Agr. Esp. en Parasitología Agrícola) -- UACH. Departamento de Parasitología Agrícola
590 _aBATCH
_b00
_c20181121
_lUCH01
_h0758
590 _aE11695DGD
_b10
_c20141103
_lUCH01
_h1026
590 _aE5995AHE
_b05
_c20141029
_lUCH01
_h1432
590 _aE5995AHE
_b05
_c20141029
_lUCH01
_h1432
590 _aE5995AHE
_b05
_c20141029
_lUCH01
_h1454
590 _aE5995AHE
_b05
_c20141124
_lUCH01
_h0854
650 1 4 _aTrigo
_xEnfermedades por hongos.
_9115018
650 1 4 _aTrigo
_xMercadeo
_zMéxico (Edo.).
_9128722
856 _a1
_n0000013
856 _aFinding aid
_uhttp://10.13.5.2/tesis/sist110952.pdf
_zTeclea aquí
901 _aBK
942 _cTESIS
942 _n0
999 _c107414
_d107414